000 00934nam2a22002411 4500
001 RU\NLR\IC11\ROSSICA\1000000810
005 20250613192235.0
035 _a(NLR Aleph) 009947667
090 _a10780543
_c10780543
100 _a20031216d1911 |||y0rusy50 ca
101 0 _alat
102 _aRU
105 _ay ||||000ay
200 1 _aFebruarium et Martium menses continens
_eSumptibus Caesareae Academiae scientiarum e codice Mosquensi 376 Vlad
210 _d1911
_aБ. м.
461 0 _1001RU\NLR\INFOCOMM10\ROSSICA\1000019326
_12001#$aMenologium Ansnymum Byzantinum Sacculi X$eQuae Supersunt$fEdidit Basilius Latyšev$vFasciculus prior
_910787030
_cPetropoli
_d1911
_fEdidit Basilius Latyšev
_oQuae Supersunt
_tMenologium Ansnymum Byzantinum Sacculi X
_vFasciculus prior
801 1 _aRU
_bInfoComm
_c20031216
801 0 _aRU
_bNLR
_gPSBO
852 _aNLR
_j14.R2.5.7
942 _cBOOK
980 _aNB
980 _aRossica